Northern Ireland County Quiz - Fermanagh - Statistics

General Stats
  • This quiz has been taken 64 times
  • The average score is 9 of 15
Answer Stats
Hint Answer % Correct
Fermanagh is one of the nine counties that make up this province Ulster
96%
County town and largest settlement in County Fermanagh Enniskillen
94%
Between 1841 and 1851 the population of Fermanagh declined by 25%, due mainly to famine following a failure of this crop Potato
93%
Republic of Ireland county to the north of Fermanagh Donegal
91%
Large inland body of water split into upper and lower sections Lough Erne
83%
Fermanagh is the only county in Northern Ireland that doesn't border this lough Lough Neagh
83%
Spectacular natural limestone cave system near the village of Florencecourt {Marble} Arch Caves
76%
Fermanagh born Patrick Treacy was once personal dermatologist to this US 'King of Pop' Michael Jackson
63%
BBC police drama in which Fermanagh born Adrian Dunbar played Ted Hastings Line of Duty
54%
Large 18th century National Trust property in the foothills of Cuilcagh Mountain {Florence} Court
50%
Playwright educated at the Portora Royal School in Fermanagh from 1864 to 1871 Oscar Wilde
50%
Professional goalkeeper from Fermanagh, best known for his time with Wigan Athletic, Manchester United and Olympiacos Roy Carroll
33%
Writer of 'Waiting for Godot', who was another student of the Portora Royal School Samuel Beckett
31%
1689 battle during the Williamite War in which there were several hundred casualties Newtownbutler
11%
Enclave of Monaghan which is almost completely surrounded by Fermanagh Drummully
7%
No matching quizzes found
Score Distribution
Percent of People with Each Score
Percentile by Number Answered
Your Score History
You have not taken this quiz